[Event "Bundesliga 1011"]
[Site "Germany"]
[Date "2010.12.12"]
[Round "6.5"]
[White "Prohaszka, Peter"]
[Black "Hracek, Zbynek"]
[Result "0-1"]
[WhiteElo "2529"]
[BlackElo "2633"]
[Annotator "Hracek/Meyer,CD"]
[PlyCount "66"]
[EventDate "2010.10.09"]
[EventType "team-tourn"]
[EventRounds "15"]
[EventCountry "GER"]
[SourceTitle "CBM 140"]
[Source "ChessBase"]
[SourceDate "2011.01.18"]
[SourceVersion "1"]
[SourceVersionDate "2011.01.18"]
[SourceQuality "1"]
[WhiteTeam "Aue Nickelhuette"]
[BlackTeam "Werder Bremen"]
[WhiteTeamCountry "GER"]
[BlackTeamCountry "GER"]

1. d4 Nf6 2. c4 e6 3. g3 Bb4+ 4. Bd2 a5 5. Bg2 d6 6. Nf3 (6. Nc3 Nbd7 7. e3 e5
8. Nge2 O-O 9. O-O Re8 10. a3 Bxc3 11. Nxc3 c6 $11 {ECO/E4 (E00)}) 6... Nbd7 7.
O-O e5 8. e3 ({Or: I} 8. Bg5 exd4 9. Nxd4 O-O (9... h6 10. Bxf6 Nxf6 11. a3 Bc5
12. Nc3 O-O $11 13. Na4 (13. Qd3 $142 {/\Rad1}) 13... c6 14. Nxc5 dxc5 15. Nf3
Bf5 16. Qb3 Qe7 17. Rfe1 a4 $15 {1/2-1/2/34, Dreev,A (2607) - Kogan,A (2590),
Benidorm 2007}) 10. Nc2 Bc5 11. Nc3 h6 12. Be3 Re8 (12... Ng4 13. Bd4 Nge5 14.
b3 Re8 15. h3 Nc6 16. Be3 Nb4 17. Bxc5 Nxc2 18. Qxc2 Nxc5 19. Kh2 Bd7 20. Rad1
Bc6 21. Nd5 {1/2-1/2 Swinkels,R (2511) - Kveinys,A (2531), Ohrid 2009}) 13. b3
Bxe3 14. Nxe3 Nc5 15. Qd4 Be6 16. Rfd1 Qd7 17. Nb5 Re7 18. Bf3 Bh3 19. Qh4 Rc8
$11 20. g4 $2 Rxe3 $1 21. fxe3 Bxg4 $15 {1/2-1/2/40, Lagowski,P (2415) -
Hracek,Z (2579), Pardubice 2004}) ({II} 8. Qc2 $5) ({III} 8. Be3 $5) 8... c6 $5
{An interesting sideline in the Catalan Bogo-Indian which involves an
attractive pawn sacrifice.} ({A solid but rather passive alternative is} 8...
Bxd2 {, e.g.} 9. Qxd2 c6 10. Nc3 (10. Nh4 O-O 11. Nc3 Re8 12. e4 Nf8 13. h3 Qb6
14. Nf3 Qa6 15. b3 b5 16. cxb5 cxb5 17. Rfe1 b4 18. Na4 Bd7 19. dxe5 dxe5 20.
Nc5 Qb6 21. Rac1 Bb5 22. Qe3 Rac8 23. Bf1 {1/2-1/2 Sakaev,K (2649) - Kogan,A 
(2560), Montpellier 2006}) 10... O-O 11. dxe5 dxe5 12. Rfd1 Qe7 13. Qd6 Qxd6
14. Rxd6 Re8 15. Nd2 a4 $11 {0-1/99, Tregubov,P (2622) - Kogan,A (2525), Las
Vegas 2010}) 9. Bc1 e4 10. Ng5 d5 11. c5 h6 (11... a4 12. a3 Ba5 13. Qxa4 Ra6
14. Qd1 h6 15. Nh3 Nf8 16. f3 exf3 17. Qxf3 Bg4 18. Qf2 N8h7 19. Bd2 Bc7 20.
Nc3 O-O $13 {/=, 1/2-1/2/73, Van der Stricht,G (2417) - Saiboulatov,D (2413),
Namur 2006}) 12. Nh3 {With the obvious threat of trapping the bishop b4 which
forces Black to sacrifice his a-pawn.} a4 13. a3 Ba5 14. Qxa4 Nf8 15. b4 Bxh3
16. Bxh3 Bc7 17. Qd1 h5 $1 $44 18. f4 $1 ({In an older game of Hracek followed
} 18. Nd2 h4 19. g4 N8h7 20. f4 exf3 21. Nxf3 Ne4 22. Ne5 $2 (22. b5 Nhg5 23.
Nxg5 Nxg5 24. Bg2 h3 25. Bh1 $13) 22... Nhg5 23. Bg2 h3 24. Bf3 Bxe5 $6 (24...
Rh4) (24... Qb8) 25. dxe5 Nxf3+ 26. Rxf3 Qh4 27. Rf4 Rh6 28. Bb2 Rg6 $15 {and}
29. Qe2 f5 30. exf6 gxf6 31. Kh1 Rxg4 32. Raf1 Rxf4 33. Rxf4 Qg5 34. Qf3 Ke7
35. Qxh3 Rg8 36. Qf1 Qh6 37. Rf3 f5 38. Be5 Nd2 39. Bd6+ Ke8 40. Rh3 Qg6 41.
Qf2 f4 {0-1 Pinter,J (2548)-Hracek,Z (2584), Rabac 2003}) 18... exf3 19. Qxf3 (
19. Nd2 $143 h4 20. g4 Ne6 (20... f2+ $142 $1 21. Rxf2 N8h7 22. Nf3 Ne4 23. Rf1
Nhg5 24. Nxg5 Nxg5 25. Bg2 h3) 21. Nxf3 Ne4 22. Qe2 (22. b5) 22... N6g5 23.
Nxg5 Nxg5 24. Bg2 O-O 25. Bd2 Qd7 26. Be1 h3 27. Bh1 f5 28. Bh4 Ne4 29. g5 g6
30. Bxe4 fxe4 31. Rf6 Rxf6 32. gxf6 Kf7 33. Bg5 {1/2-1/2 Razuvaev,Y (2590) -
Lutz,C (2545), Germany 1991/GER-chT}) 19... h4 {I think this is the critical
position after my sacrifice.} 20. Bf5 $2 ({After the best move} 20. g4 $142 $1
$13 {with complicated play Black has three possibilities and I don't know
which one is the best:} Qe7 (20... Ne6 21. Qf5 Rh6 22. Kh1 Rg6 23. Nc3 Qe7 24.
Ra2 Ng5 25. e4 Nxh3 26. exd5 Nxd5 27. Re2 Rf6 28. Rxe7+ Nxe7 29. Qd3 Nf2+ 30.
Rxf2 Rxf2 31. h3 $13 {/=}) (20... N8h7 21. Qf5 g6 (21... O-O 22. g5 $2 (22. Nc3
$142 g6 23. Qf2 (23. Qf3 Kg7 24. e4 Nxe4 25. Nxe4 dxe4 26. Qxe4 Ng5) 23... Ne4
(23... Kg7 24. Qxh4 Rh8) 24. Nxe4 dxe4 $13 {/=}) 22... g6 23. Qf2 Ne4 24. Qxh4
$2 Nhxg5 $19 25. Kh1 Kg7 26. Bg2 Rh8 27. Qg4 f5 28. Qd1 Rxh2+ 29. Kg1 Qh8 {
0-1 Handke,F (2255) - Ellers,H (2405), Biel 1997}) 22. Qf2 Ng5 23. Qxf6 Nxh3+
24. Kh1 $1 (24. Kg2 Qxf6 25. Rxf6 Ng5 26. h3 Ne4 27. Rf1 f5) 24... Qxf6 25.
Rxf6 $13 {/=}) 21. Nc3 (21. e4 $143 Ne6 22. exd5 Nxd4 23. Qd3 $2 (23. Qe3 Qxe3+
24. Bxe3 Nc2 25. d6 Bxd6 26. cxd6 Nxe3 27. Re1 Nfd5 28. Kf2 Kd7 $15 (28...
O-O-O $15)) 23... Ne2+ 24. Kf2 Nxc1 $6 (24... Bg3+ $1 $19 25. hxg3 (25. Kf3
Nxc1 26. Rxc1 Nxd5 27. Nc3 (27. Qe4 Be5 28. Ra2 Rh6) 27... Nf4 28. Qe4 Bxh2 29.
Qxe7+ Kxe7 30. Re1+ Ne6) (25. Kg2 Nxd5 $1 26. hxg3 hxg3) 25... hxg3+ 26. Kg2
Nxd5) 25. Rxc1 Nxd5 26. Re1 Be5 $17 27. Nc3 (27. Nd2 Nxb4 28. Qf5 f6) 27... O-O
$2 (27... Nf4 28. Qe3 Qe6) 28. Nxd5 cxd5 29. Ra2 $13 {1:0/42, Mikhalevski, V. 
(2590) - Stocek, J. (2567), Philadelphia 2007}) 21... Ne6 22. Qf5 Nh7 (22...
Rh6) 23. e4 g6 24. Qf2 Nhg5 25. Bxg5 Nxg5 26. Bg2 h3 27. Bf3 dxe4 28. Nxe4 Nxe4
29. Bxe4 $13 {, 0:1/45, A. Pashikian (2639) - J. Stocek (2567), Plovdiv 2010;}
O-O (29... O-O-O)) 20... hxg3 21. hxg3 N8h7 $15 22. Ra2 $4 {a terrible mistake
I) White would have been not so bad after} (22. Bxh7 $1 Rxh7 23. Ra2 {, e.g.}
Qd7 24. Nc3 O-O-O 25. Rh2 Rxh2 26. Kxh2 Rh8+ 27. Kg1 Nh5 (27... Qh3 28. Qf5+
Qxf5 29. Rxf5 Bxg3 $15) 28. Ne2 Nxg3 29. Nxg3 Rh3 30. Qf5 Rxg3+ 31. Kh1 f6 32.
Qxd7+ (32. a4) 32... Kxd7 33. a4 Rh3+ 34. Kg1 Rh2 35. Rf2 Rh8 36. b5 $15) ({II)
} 22. e4 $6 {This move is tricky but after} dxe4 23. Qf2 (23. Qe3 g6 $1 {
probably the best} 24. Bxe4 Ng4 25. Qd3 Bxg3 $1 26. Bxc6+ (26. Qxg3 Qxd4+ 27.
Kg2 Nhf6 $19) (26. Ra2 Qh4 27. Rf3 (27. Nc3 Nhf6) 27... Bh2+ 28. Kf1 (28. Kg2
Ng5) 28... Nhf6 $19) (26. Bxg6 Ng5 $1 $19) 26... bxc6 27. Qe4+ Kf8 28. Qxg4
Bh2+ $1 29. Kg2 Nf6) 23... Bxg3 24. Qxg3 Qxd4+ 25. Kg2 Qxa1 26. Nc3 e3 $1 27.
Qxe3+ Kf8 28. Qg3 Re8 29. Bh6 (29. Qf3 $143 Re5 30. Rd1 Ne8 31. Bg4 Re7 {
/\Nhf6 oder Kg8}) 29... Qxf1+ 30. Kxf1 gxh6 $17 {Black has the upperhand -} 31.
Bxh7 Rxh7) 22... Ng5 $19 {Now it's over. My opponent admitted that he just
forgot about this move!} 23. Qg2 Nfe4 24. Rf4 (24. Bxe4 Nxe4 25. Rf3 Qg5 26.
Nd2 Nxg3 27. Kf2 Ne4+ 28. Nxe4 Qxg2+ 29. Kxg2 Rh2+ $19) 24... Bxf4 25. gxf4 g6
26. Bg4 f5 27. fxg5 (27. Bd1 Rh3 28. Kf1 {and for example} Kd7 29. fxg5 Qh8 30.
Bf3 Qh4 31. Nc3 Rh1+ 32. Qxh1 Ng3+ $19) 27... fxg4 28. Qxg4 Qd7 ({Or} 28... Qc7
29. Qf4 (29. Rg2 Qh7) 29... Qh7 30. Rh2 Qxh2+ 31. Qxh2 Rxh2 32. Kxh2 Kf7 $19)
29. Rg2 {In a completely lost position White allows a piquant finale.} Rh1+ $1
30. Kxh1 Nf2+ 31. Rxf2 Qxg4 32. Nc3 O-O-O 33. Rh2 Rf8 0-1

[Event "Norway Chess 3rd"]
[Site "Stavanger"]
[Date "2015.06.24"]
[Round "8"]
[White "Giri, Anish"]
[Black "Topalov, Veselin"]
[Result "1-0"]
[WhiteElo "2773"]
[BlackElo "2798"]
[Annotator "Illingworth,M"]
[PlyCount "111"]
[EventDate "2015.06.16"]
[EventType "tourn"]
[EventRounds "9"]
[EventCountry "NOR"]
[EventCategory "22"]
[SourceTitle "CBM 167"]
[Source "ChessBase"]
[SourceDate "2015.07.13"]
[SourceVersion "1"]
[SourceVersionDate "2015.07.13"]
[SourceQuality "1"]

1. d4 Nf6 2. c4 e6 3. Nf3 d5 4. g3 Bb4+ 5. Bd2 Be7 6. Bg2 O-O 7. O-O c6 8. Qc2
Nbd7 9. Rd1 b6 10. b3 a5 $5 {[%cal Gb1c3,Gc8a6,Yb1d2,Yc8b7] I analysed this
variation in some depth close to a year ago and concluded it was a pretty
clear equaliser, and not much has changed since then, possibly because the
fashion now is to play the Bf4 systems as recommended by Avrukh. One of the
points is that this is a waiting move - Black can place the bishop on a6 after
Nc3, and on b7 in the event of a Nbd2 setup.} 11. Bc3 (11. Nc3 Ba6 {is not
threatening for Black at all.}) 11... Bb7 (11... Ne4 $5 {[%cal Yf7f5]
intending in many cases to Stonewall with ...f5 is also fine for Black, as
I've demonstrated in my analyses.}) 12. Nbd2 c5 $1 {I had previously
recommended this variation as well, trying to equalise by liquidating
everything in the centre. However Topalov had already spent a bit of clock
time by this point, so it seems he did not expect Giri to adopt the variation.}
13. Ne5 (13. e3 Qc7 14. Rac1 Rfd8 15. dxc5 Bxc5 $5 {is not remotely dangerous
for Black.} (15... bxc5 $132 {[%cal Ya5a4] is also fine if Black wants more
complex play.})) 13... cxd4 14. Bxd4 Nxe5 15. Bxe5 Qc8 $6 {White obtains a
typical Catalan advantage after this somewhat awkward move.} (15... Ng4 {
as played previously is best, though it's fair to assume that Giri had some
idea in mind to at least ask Black some questions.} 16. Bc3 $1 (16. Bb2 Bc5 17.
e3 Qe7 18. h3 Nf6 $11) 16... Bc5 (16... Bf6 17. Ne4 $1) (16... Rc8 17. h3 Nf6
18. Qb2 $14 {also gives White steady pressure.}) 17. e3 Bxe3 $1 (17... Qe7 18.
h3 Nf6 19. Qb2 {½-½ (46) Bluebaum,M (2514)-Burg,T (2490) Bremen 2013} Rfd8
20. Bxf6 gxf6 21. cxd5 Bxd5 22. Bxd5 Ba3 23. Qc3 Rxd5 24. Ne4 Kg7 25. g4 $1 $14
{[%csl Ra3,Ye4,Rf6] would be a fairly normal continuation, giving White a very
standard advantage as Black's kingside is weak and White has the far better
minor piece.}) 18. fxe3 Nxe3 19. Qd3 Nxg2 20. Nf3 $1 dxc4 21. Qe2 Qc7 22. Kxg2
Bd5 $44 {[%csl Yd5] and Black's powerful light-squared bishop gives him good
compensation for the modest material deficit.}) 16. Rac1 {Now the queen is a
bit misplaced along the c-file, and Black has problems connecting his rooks.}
dxc4 ({It's now too late for} 16... Ng4 17. Bb2 Bc5 18. e3 $36 {[%cal Yc2c3,
Rc5e3]}) (16... Ba3 17. Bb2 Bxb2 18. Qxb2 dxc4 19. Nxc4 Bxg2 20. Nd6 $1 Qa6 21.
Kxg2 $36 {[%cal Ye2e4,Ye4e5,Rd6c8] also fails to solve Black's problems; White
owns the c-file and will anchor his knight with e4-e5.}) 17. Bxf6 $1 {A
practical decision, aiming for a small but enduring advantage, which is
unpleasant for the opponent.} (17. Nxc4 Bxg2 18. Kxg2 Qc6+ 19. f3 b5 20. Ne3
Qxc2 21. Rxc2 Rfc8 22. Rdc1 Rxc2 23. Rxc2 $14 {is also a better endgame for
White, but it's not easy for White to increase the pressure after} Ne8 $1 {
[%cal Ya5a4]}) 17... Bxf6 18. Qxc4 (18. Nxc4 Bxg2 19. Kxg2 Qc6+ 20. e4 Rfd8 21.
Nd6 Qxc2 22. Rxc2 Be5 $11 {is nothing real for White.}) 18... Bxg2 19. Kxg2
Qb7+ 20. Qe4 $14 {[%csl Yd2,Rf6][%cal Yc1c8,Yd1d8] Even modern engines don't
fully appreciate the dangers for the side with the bishop in such positions.}
Rfb8 (20... Ra7 $143 21. Qxb7 Rxb7 22. Ne4 Bb2 23. Rc6 {and White is obviously
in control.}) ({It looks wrong to activate White's knight with} 20... Qxe4+ $5
21. Nxe4 {but after} Rfd8 22. Rxd8+ Bxd8 23. Rc6 {Black's position, though
passive, seems tenable based on} Kf8 24. Nd6 Ke7 25. Nb5 Rb8 {[%cal Ye7e8,
Yd8e7,Ye7c5] and I don't see how White breaks through if Black sits tight.})
21. Rc6 $5 (21. Qxb7 Rxb7 {transposes to the game.}) 21... Qd7 (21... Rd8 22.
Rd6 $5 {is a clever trick, but it peters out to equality after} Qxe4+ 23. Nxe4
Be7 24. Rxd8+ Rxd8 25. Rxd8+ Bxd8 $11 {and Black can hold this endgame.}) 22.
Rcc1 (22. Qf3 Rc8 23. Rdc1 Be7 $1 {is solid for Black as well, though White
can keep slight pressure with} 24. Rxc8+ Rxc8 25. Nc4 Bc5 26. Ne5 Qe7 27. Nd3
$14) (22. Rxb6 Rd8 $1 {pinning the knight is not what White is after.}) 22...
Qb7 23. Qxb7 Rxb7 24. Ne4 Be7 {While this position can be held, it's not
entirely trivial as Black has few prospects for active play and White can try
things here and there.} 25. Nd6 (25. Rc6 b5 $1 {with ...a4 in mind offers
counterplay, and} 26. Nc5 Bxc5 27. Rxc5 g6 {really would be equal.}) 25... Rd7
({I would have been tempted to try my luck in the double rook endgame with} 
25... Bxd6 $5 26. Rxd6 Kf8 27. Rcc6 b5 28. e4 b4 {when the possibility of ...
a4 limits White's scope to squeeze Black, and after} 29. Ra6 Rxa6 30. Rxa6 Rb5
{[%cal Rb5c5]} 31. Rc6 g5 $1 $11 {[%cal Rf2f4,Rh2h4] I don't see a clear way
for White to make inroads.}) 26. Nc4 Rxd1 27. Rxd1 b5 (27... Bc5 $6 28. Rd7 a4
29. Rb7 axb3 30. axb3 {wins the b6-pawn, which Black doesn't need to allow.}) (
{It transpires that} 27... Rd8 28. Rxd8+ Bxd8 {is just a draw; the key
defensive setup for Black is} 29. Kf3 Kf8 30. Ke4 Ke7 31. a4 f6 32. Kd4 Kd7 33.
Nb2 Kc6 34. Kc4 g5 $1 {[%csl Yd5,Ye5,Yf4,Yf5] when with f4 covered, White has
no way through for his knight:} 35. f3 Be7 36. Nd3 h5 $11) 28. Ne5 Bf6 29. Nd7
$1 {[%csl Rg8][%cal Rd7f8] This is the only way to keep the game going. Now it
isn't so easy for Black to activate his king (if it could reach e7 the
position would be a trivial draw).} a4 (29... Bd8 {was probably better in
hindsight to stop the Rc1-c7 plan, and}) (29... Rc8 $5 30. Rd6 Rc7 {(preparing
...Be7)} 31. Nxf6+ gxf6 32. Ra6 Rc2 33. Rxa5 Rxe2 {also more or less kept the
balance.}) 30. Rc1 axb3 (30... Rd8 31. Rc7 a3 {[%cal Yd8d2,Yd2a2] is the
engine's recommendation, but I would be quite concerned that both a3 and b5
would become weaknesses. However, introducing the idea of ...Rd2 for when the
knight moves shouldn't be sneezed at and} 32. f4 Be7 33. Kf3 f6 34. Ke3 Kf7 $1
35. b4 Kg6 36. Nc5 Bxc5+ 37. Rxc5 Rd1 38. Rxb5 Ra1 $11 {for one looks like a
draw.}) 31. axb3 Be7 32. Rc7 {[%csl Yc7,Yd7] Now White's pressure is becoming
quite serious as he's developed something of a bind.} Rd8 {Topalov finds the
right defence.} 33. Rb7 ({Not} 33. Ne5 $4 Bd6 34. Rd7 Rxd7 35. Nxd7 f6 {
and rather comically, the knight is trapped!}) 33... Bd6 34. g4 {Naturally
White wants to fix as many of Black's pawns on dark squares as possible. Also
he can gain a lot of space on the kingside, which is quite unpleasant for the
opponent to deal with over the board.} h5 $6 {Unfortunately the 'active'
defence is not so great here as Black will lose too much time when he later
tries to regain the pawn.} (34... b4 {[%csl Rb4] is the engine's first choice,
but as mentioned I would avoid putting the pawns on dark squares if possible.})
(34... h6 35. h4 Kh7 {is the passive defence and probably best, though White
can increase the pressure with} 36. h5 (36. e3 {first would be another way to
start.}) 36... g6 $5 37. e4 Kg7 38. Kf3 Rc8 $1 39. Rb6 Rc3+ 40. Ke2 Bf4 41.
Rxb5 g5 $14 {and while Black should hold the draw with his active pieces, it's
not guaranteed by any means.}) 35. gxh5 Kh7 (35... f5 {wouldn't really be
consistent with Black's last, though it does avoid the trick in the game.}) 36.
b4 $1 {This is a nice move to keep control of the position.} Bxb4 $6 {
Continuing to aim for active play, however} (36... Kg8 $5 {makes sense now
that White has played b4. Then} 37. e3 Bxb4 38. Ne5 Rf8 39. Rxb5 Bc3 {should
still be drawable, though White can certainly press all night.}) 37. Ne5 {
Losing f7 is definitely a blow, though it may not be a decisive mistake.} Rd5
38. Nxf7 Rxh5 39. f4 $16 {[%csl Rb5,Re6,Rg7,Rh5,Rh7] Black's main problem is
that all his remaining pawns are isolated, and his bishop and rook don't
really coordinate well.} Kg6 40. Ne5+ Kh7 $2 (40... Kh6 41. Nf3 $1 (41. Rxb5
Bc3 42. Nf7+ Kg6 43. Rxh5 Kxh5 44. Kf3 Kg6 45. Nd6 Bb4 46. Nc4 Kf6 47. Kg4 Bc5
$11 {[%cal Yg7g6] is just a draw to my eyes.}) (41. e3 Bd2 42. Rxb5 Bc3 $1 43.
Kf3 Bxe5 44. Kg4 $1 Rxh2 45. Rxe5 Rg2+ 46. Kh4 Kg6 47. Rxe6+ Kf7 $11 {is also
a draw as far as I know; as least I know that it's a draw if the pawns are
moved one file to the right, and here White's king is cut off to boot.}) 41...
Rc5 42. Ng5 $1 (42. e4 Bc3 43. Ng5 {allows Black to draw with} Rxg5+ 44. fxg5+
Kxg5 45. Rxb5+ ({or} 45. Kf3 b4 46. Rb6 e5 47. Rb7 g6 $11) 45... Kf4 46. Rb6
Kxe4 47. Rxe6+ Be5 $11 {with a tablebase draw.}) 42... Rc2 43. Kf3 Rc3+ 44. Kg4
Re3 45. Rxb5 Be7 46. Re5 Rxe5 47. Nf7+ Kg6 48. Nxe5+ Kf6 {and, similar to the
41.Rxb5 note, this ending seems a fairly comfortable draw for Black.}) 41. Nf7
$2 (41. Nf3 $1 {transposes to the game. Instead Giri opts to repeat moves.})
41... Kg6 (41... Bd2 $5 42. Ng5+ Kg6 43. Nxe6 Rh4 {is a strange setup and I
think the best continuation is} 44. Kf3 Kf6 45. Rb6 b4 $5 46. e4 Ke7 47. f5
Rh3+ 48. Kg4 Re3 49. Nc5 Bc3 50. Kf4 Rh3 51. e5 Rxh2 52. Ne4 Rh1 53. Rb7+ Kf8 {
and while this might be a draw, it's an extremely unnatural setup to play over
the board.}) 42. Ne5+ Kh7 (42... Kh6 $1 {as noted before seems to save Black
with best play.}) 43. Nf3 $1 $18 {[%csl Re6][%cal Yf3g5] Now that the knight
can reach g5 without allowing counterplay against the White pawns, I'm
convinced that White is winning.} Rf5 (43... Bc3 44. Ng5+ Kg6 45. Nxe6 {
clearly isn't much help.}) (43... Kg6 44. Kg3 Bc3 45. Rb6 b4 46. Kg4 $1 Rc5 47.
Ng5 {[%cal Yg5e6] is winning for White.}) 44. Ng5+ Kh6 (44... Kg8 45. e3 $1 ({
After} 45. Rb8+ Rf8 46. Rxb5 Bd2 47. Nxe6 Rf6 48. f5 g6 49. e4 gxf5 50. exf5 {
I'm assuming this is a win because Black's king is stuck on the back rank,
though I'm not 100% sure. Anyway it doesn't really matter as White has clearer
alternatives.}) 45... Bc3 46. Nxe6 b4 47. Kf3 Rh5 48. Kg3 $18 {[%cal Ye6g5,
Yg3g4,Ye3e4,Ye4e5] and with an extra pawn and better pieces, plus a passed
e-pawn, White should have few problems converting his advantage.}) 45. Kf3 $1 {
Now the game is effectively over.} Bd2 (45... e5 46. Nf7+ Kh7 47. Nxe5 {
again leaves White up a pawn and ready to roll his pawns.}) 46. e3 b4 47. Nxe6
Rh5 (47... Bc3 48. e4 Rh5 49. e5 Rxh2 50. Rxg7 {will also be winning for White,
who can combine the advance of his passers with mating threats.}) 48. Nxg7 Rxh2
49. Nf5+ Kg6 50. Ne7+ Kf6 51. Nd5+ Ke6 52. Ke4 {And just like that, b4 is gone.
} Rh3 53. Rb6+ Kd7 54. Kd3 Bc1 55. Rxb4 Kd6 56. Kd4 1-0